000 00667nam a2200277Ia 4500
005 20260324142725.0
008 008 260324s9999 xx 000 0 eng d
020 _a9780203043790
037 _aEBOOK
040 _aCRL
040 _beng
040 _cCRL
041 _2eng
041 _aeng
084 _qCRL
100 _aJacob W. Kipp; V.K. Triandafillov
_91213007
245 4 _aThe Nature of the Operations of Modern Armies
260 _bTaylor and Francis
260 _c1994
365 _a
365 _b220
856 _uhttp://www.taylorfrancis.com/books/9780203043790
942 _cEBOOK
999 _c1817522
_d1817522